Customers´ Motivation through Personal Sales with Good Grooming

Personálny predaj zameraná na motiváciu, starostlivosť o zákazníkov a nové prístupy k redaju. Opisno-cieľové metódy a jednosmerná anylýza pri predaji kozmetických produktov.

Saved in:
Bibliographic Details
Main Author: Pružinský, Michal, 1952-
Format: Book Chapter
Language:English
Subjects:
Tags: Add Tag
No Tags, Be the first to tag this record!

MARC

LEADER 00000naa$a2200000$$$4500
001 0241846
005 20240502073933.7
041 0 |a eng 
044 |a SK 
245 1 0 |a Customers´ Motivation through Personal Sales with Good Grooming  |c Michal Pružinský 
520 |a Personálny predaj zameraná na motiváciu, starostlivosť o zákazníkov a nové prístupy k redaju. Opisno-cieľové metódy a jednosmerná anylýza pri predaji kozmetických produktov. 
610 2 0 |a predaj priamy 
610 2 0 |a kozmetika 
610 2 0 |a predajcovia 
610 2 0 |a zákazníci 
610 2 0 |a motivácia 
610 2 0 |a starostlivosť o zákazníkov 
100 1 |a Pružinský, Michal, 1952-